Chế định đại diện theo ủy quyền /

Spremljeno u:
Bibliografski detalji
Glavni autor: Lê Long Sơn.
Format: Članak
Jezik:Vietnamese
Teme:
Oznake: Dodaj oznaku
Bez oznaka, Budi prvi tko označuje ovaj zapis!
Thư viện lưu trữ: Thư viện Trường Đại học Đà Lạt
LEADER 00685nam a2200253 4500
001 DLU090089801
005 ##20090526
040 # # |a DLU  |b vie 
041 # # |a vie 
044 # # |a vn 
100 # # |a Lê Long Sơn. 
245 # # |a Chế định đại diện theo ủy quyền /  |c Lê Long Sơn. 
653 # # |a Đại diện 
653 # # |a Ủy quyền 
773 # # |t Tòa án nhân dân  |g Số 1, 2002, tr. 14 
920 # # |a Phòng Tạp chí -- Trung tâm Thông tin - Thư viện Trường Đại học Đà Lạt 
994 # # |a DLU 
900 # # |a True 
911 # # |a Nguyễn Thị Mai Anh 
925 # # |a G 
926 # # |a A 
927 # # |a BB 
980 # # |a Thư viện Trường Đại học Đà Lạt